LEADER 01196cam0 2200289 450 001 E600200002603 005 20210125094300.0 010 $a2859440739 100 $a20040526d1984 |||||ita|0103 ba 101 $afre 102 $aFR 200 1 $a<>deux ages de la seigneurie banale$epouvoir et société dans la terre des sires de Coucy (milieu 11.-milieu 13. siècle) $fDominique Barthélemy$gpréface de Pierre Toubert 210 $aParis$cPublications de la Sorbonne$d1984 215 $a598 p.$d24 cm 225 2 $aSérie Histoire Ancienne et Médiévale$v12. Université de Paris 410 1$1001LAEC00020218$12001 $a*Série Histoire Ancienne et Médiévale$v12. Université de Paris 700 1$aBarthélemy$b, Dominique$3A600200025623$4070$0387359 702 1$aToubert, Pierre$3A600200025483$4070 801 0$aIT$bUNISOB$c20210125$gRICA 850 $aUNISOB 852 $aUNISOB$j900$m120830 912 $aE600200002603 940 $aM 102 Monografia moderna SBN 941 $aM 957 $a900$b004122$gSI$d120830$racquisto$1catenacci$2UNISOB$3UNISOB$420040526073714.0$520200326130257.0$6catenaccif 996 $aDeux ages de la seigneurie banale$91673808 997 $aUNISOB LEADER 01203nam 2200289z- 450 001 9910689414903321 005 20161209101048.0 035 $a(CKB)5860000000031798 035 $a(BIP)008677767 035 $a(EXLCZ)995860000000031798 100 $a20220406c2001uuuu -u- - 101 0 $aeng 200 10$aPublic access to market data $eimproving transparency and competition : hearing before the Subcommittee on Capital Markets, Insurance, and Government Sponsored Enterprises of the Committee on Financial Services, U.S. House of Representatives, One Hundred Seventh Congress, first session, March 14, 2001 215 $a1 online resource (v, 231 p.) $cill 311 $a0-16-066342-3 517 $aPublic access to market data 606 $aSecurities industry$zUnited States$xInformation services 606 $aStock exchanges$zUnited States$xInformation services 610 $aSecurities industry 610 $aStock exchanges 610 $aBusiness & economics 615 0$aSecurities industry$xInformation services. 615 0$aStock exchanges$xInformation services. 906 $aBOOK 912 $a9910689414903321 996 $aPublic access to market data$93146634 997 $aUNINA